Pozycja Corporate Name
Liczba rekordów, w których użyto hasła: 1
001 - Numer kontrolny
- control field: 41013
003 - Identyfikator numeru kontrolnego
- control field: NUKAT
005 - Data i czas ostatniej modyfikacji
- control field: 20260430123711.0
008 - Dane kontrolne kodowane (40 znaków)
- fixed length control field: 201118n||a|znnaabn |a ana |c
010 ## - Numer kontrolny Biblioteki Kongresu
- numer kontrolny LC: n 2020049093
040 ## - Instytucja sporządzająca rekord
- inst. przygot. dane do rek. khw: POZN U/KK
- język haseł przedmiotowych/tezaurus: kaba
- inst. wprow. rek. khw: POZN U/KK
043 ## - Kod obszaru geograficznego
- ISO code: PL
046 ## - Special dates
- Start period: 1944
- End period: 1954
110 2# - Hasło - nazwa ciała zbiorowego
- nazwa ciała zbior. lub geogr. na pocz.: Powiat Dębicki (Polska).
- nazwa jednostki podrzędnej: Powiatowy Urząd Bezpieczeństwa Publicznego.
368 ## - Other Attributes
- Corp type: Służba publiczna.
368 ## - Other Attributes
- Corp type: Administracja publiczna.
370 ## - Associated place
- Country: Polska.
370 ## - Associated place
- Residence/HQ: Dębica (Polska, województwo podkarpackie).
372 ## - Field of activity
- Field: Służby wywiadowcze.
377 ## - Assoc lang
- Lang code: pol
410 2# - Trop zob. - nazwa ciała zbiorowego
- nazwa ciała zbior. lub geogr. na pocz.: Powiatowy Urząd Bezpieczeństwa Publicznego w Dębicy.
410 2# - Trop zob. - nazwa ciała zbiorowego
- nazwa ciała zbior. lub geogr. na pocz.: Urząd Bezpieczeństwa Publicznego w Dębicy.
410 2# - Trop zob. - nazwa ciała zbiorowego
- nazwa ciała zbior. lub geogr. na pocz.: PUBP w Dębicy.
510 2# - Trop zob. też - nazwa ciała zbiorowego
- podpole kontrolne: b
- nazwa ciała zbior. lub geogr. na pocz.: Powiat Dębicki (Polska).
- nazwa jednostki podrzędnej: Powiatowy Urząd do spraw Bezpieczeństwa Publicznego.
510 2# - Trop zob. też - nazwa ciała zbiorowego
- podpole kontrolne: b
- nazwa ciała zbior. lub geogr. na pocz.: Powiat Dębicki (Polska).
- nazwa jednostki podrzędnej: Powiatowa Delegatura do spraw Bezpieczeństwa Publicznego.
665 ## - Nota historyczna
- nota historyczna: Powiatowy Urząd Bezpieczeństwa Publicznego w Dębicy powstał we wrześniu 1944. W grudniu 1954 nazwa: Powiatowy Urząd do spraw Bezpieczeństwa Publicznego. Na początku stycznia 1956 nazwa: Powiatowa Delegatura do spraw Bezpieczeństwa Publicznego. Likwidacja nastąpiła pod koniec 1956.
670 ## - Źródło informacji
- źródło informacji: Urząd Bezpieczeństwa w Dębicy w latach 1944-1956 / Rafał Szczygieł. - Rzeszów ; Warszawa, 2020.